Compendio de química orgánica (Registro nro. 223)

Detalles MARC
000 -CABECERA
Campo de control 00630nam a2200229 a 4500
005 - FECHA Y HORA DE LA ULTIMA TRANSACCION
Campo de control 20191224041518.0
008 - ELEMENTOS DE LONGITUD FIJA—INFORMACION GENERAL
Campo de control 140219b1974 mx ||||| |||| 00| 0 spa d
040 ## - FUENTE DE CATALOGACIÓN
Agencia catalogadora original CO-BoIAVH
Agencia transcriptora CO-BoIAVH
041 ## - IDIOMA
Código de idioma para texto/pista de sonido o título separado Español
044 ## - PAÍS DE PUBLICACIÓN
País de publicación Colombia
082 ## - NUMERO DE CLASIFICACION DECIMAL DEWEY
Número de clasificación 547
Número del ítem F36c
100 1# - ASIENTO PRINCIPAL--NOMBRE PERSONAL
Nombre personal Orden, Harris O. Van
9 (RLIN) 6988
245 1# - MENCION DE TITULO
Título Compendio de química orgánica
260 ## - PUBLICACION, DISTRIBUCION, ETC. (PIE DE IMPRENTA)
Lugar de publicación, distribución, etc. México
Nombre del editor, distribuidor, etc. Editorial Interamericana
Fecha de publicación, distribución, etc. 1974
300 ## - DESCRIPCION FISICA
Extensión 349 paginas
650 #6 - ASIENTO SECUNDARIO DE MATERIA - TERMINO TEMATICO
Término temático o nombre geográfico como elemento de entrada Química orgánica
9 (RLIN) 6989
650 #4 - ASIENTO SECUNDARIO DE MATERIA - TERMINO TEMATICO
Término temático o nombre geográfico como elemento de entrada Hibridación
9 (RLIN) 52623
650 #4 - ASIENTO SECUNDARIO DE MATERIA - TERMINO TEMATICO
Término temático o nombre geográfico como elemento de entrada Orbitales Moleculares
9 (RLIN) 52624
650 #4 - ASIENTO SECUNDARIO DE MATERIA - TERMINO TEMATICO
Término temático o nombre geográfico como elemento de entrada Reactividad
9 (RLIN) 52625
700 ## - ASIENTO SECUNDARIO - NOMBRE PERSONAL
Nombre personal Lee, Garth L.
9 (RLIN) 6990
942 ## - ELEMENTOS ADICIONALES (KOHA)
Tipo de ítem Libro
Sistema de clasificación Dewey Decimal Classification
Existencias
Withdrawn status Lost status Sistema de Clasificación Damaged status No para préstamo Colección Inventariado Ubicación Permanente Ubicación actual Fecha de adquisición Fuente de Valor Total Checkouts Número topográfico Inventario / Código de Barras Date last seen Ejemplar Price effective from Forma de adquisición Tipo de material
    Dewey Decimal Classification     General Inventariado 2017 Bogotá Bogotá 24/12/1997 Instituto   LB-547 F36c 000283 04/12/2012 Ej. 1 04/12/2012   Libro